banner-ar

CROPS OF THE DRIER REGIONS OF THE TROPICS / (Record no. 20456)

MARC details
000 -الفاتح
حقل البيانات ثابتة الطول 00531nam a2200205Ia 4500
008 - عناصر البيانات ثابتة الطول - معلومات عامة
حقل البيانات ثابتة الطول 140319s9999 xx 000 0 eng d
040 ## - مصدر الفهرسة
وكالة الفهرسة الأصلية GCL /
وكالة النسخ GCL
082 04 - رقم تصنيف ديوى العشرى
رقم التصنيف 634.6
رقم المادة G C
100 1# - المدخل الرئيسى - إسم شخصى
الإسم الشخصى GIBBON, DAVID
245 10 - بيان العنوان
العنوان CROPS OF THE DRIER REGIONS OF THE TROPICS /
بيان المسئوليه,etc GIBBON, DAVID
700 1# - المدخل الاضافى - اسم شخصى
الإسم الشخصى PAIN, ADAM
260 ## - PUBLICATION, DISTRIBUTION, ETC. (IMPRINT)
تاريخ النشر أو التوزيع 1991
300 ## - الوصف المادى
التعداد 157 P
650 04 - المدخل الاضافى بالموضوع-مصطلح موضوعى
مصطلح موضوعي TROPICAL CROPS
650 04 - المدخل الاضافى بالموضوع-مصطلح موضوعى
مصطلح موضوعي AGRICULTURE
650 04 - المدخل الاضافى بالموضوع-مصطلح موضوعى
مصطلح موضوعي CROPS, DRIER REGIONS
650 04 - المدخل الاضافى بالموضوع-مصطلح موضوعى
مصطلح موضوعي FIELD CROPS
942 ## - عناصر المدخل الإضافي( كوها)
مصدر التصنيف او مخطط الترفيف Dewey Decimal Classification
Koha [default] item type كتاب
260 ## - PUBLICATION, DISTRIBUTION, ETC. (IMPRINT)
-- [S.N] :
-- ELBS LONGMAN ،
Holdings
حالة التراجع حالة الفقد حالة تلف ليس للاعارة المكان المؤقت الموقع الحالى تاريخ الاكتساب اجمالي اﻻعارات رقم الطلب الباركود تاريخ اخر مشاهدة تاريخ تفعيل السعر نوع وعاء كوها
        مكتبة القاهرة الكبرى مكتبة القاهرة الكبرى 03/26/2014   634.6\G C 38362 03/26/2014 03/26/2014 كتاب

Powered By

EGPV